banner-ar

HOW TO CAPTURE MOVEMENT IN YOUR PAINTINGS ? / (Record no. 15675)

MARC details
000 -الفاتح
حقل البيانات ثابتة الطول 00508nam a2200193Ia 4500
008 - عناصر البيانات ثابتة الطول - معلومات عامة
حقل البيانات ثابتة الطول 140319s9999 xx 000 0 eng d
040 ## - مصدر الفهرسة
وكالة الفهرسة الأصلية GCL /
وكالة النسخ GCL
082 04 - رقم تصنيف ديوى العشرى
رقم التصنيف 751.4
رقم المادة C H
100 1# - المدخل الرئيسى - إسم شخصى
الإسم الشخصى CASSELS, JULIA
245 10 - بيان العنوان
العنوان HOW TO CAPTURE MOVEMENT IN YOUR PAINTINGS ? /
بيان المسئوليه,etc CASSELS, JULIA
260 ## - PUBLICATION, DISTRIBUTION, ETC. (IMPRINT)
تاريخ النشر أو التوزيع 1996
300 ## - الوصف المادى
التعداد 149 P
650 04 - المدخل الاضافى بالموضوع-مصطلح موضوعى
مصطلح موضوعي ARTS
650 04 - المدخل الاضافى بالموضوع-مصطلح موضوعى
مصطلح موضوعي PAINTING
650 04 - المدخل الاضافى بالموضوع-مصطلح موضوعى
مصطلح موضوعي PAINTING - TECHNIQUE
650 04 - المدخل الاضافى بالموضوع-مصطلح موضوعى
مصطلح موضوعي MOVEMENT - PAINTING
942 ## - عناصر المدخل الإضافي( كوها)
مصدر التصنيف او مخطط الترفيف Dewey Decimal Classification
Koha [default] item type كتاب
260 ## - PUBLICATION, DISTRIBUTION, ETC. (IMPRINT)
-- [S.N] :
-- NORTH LIGHT BOOKS ،
Holdings
حالة التراجع حالة الفقد حالة تلف ليس للاعارة المكان المؤقت الموقع الحالى تاريخ الاكتساب اجمالي اﻻعارات رقم الطلب الباركود تاريخ اخر مشاهدة تاريخ تفعيل السعر نوع وعاء كوها
        مكتبة القاهرة الكبرى مكتبة القاهرة الكبرى 03/26/2014   751.4\C H 28932 03/26/2014 03/26/2014 كتاب

Powered By

EGPV